[Event "Thailand Team op"]
[Site "Bangkok"]
[Date "2022.12.05"]
[Round "5.3"]
[White "Taowal, Phanuwat"]
[Black "Plakwongsirikul, Sakkaranant"]
[Result "1-0"]
[WhiteElo "1757"]
[BlackElo "1567"]
[PlyCount "77"]
[EventDate "2022.12.03"]
[EventType "team-swiss"]
[EventRounds "9"]
[EventCountry "THA"]
[SourceTitle "CBM 211 Extra"]
[Source "ChessBase"]
[SourceDate "2023.01.31"]
[SourceVersion "1"]
[SourceVersionDate "2023.01.31"]
[SourceQuality "1"]
[WhiteTeam "Pattaya Shark"]
[BlackTeam "Chula Baka Bobo"]
[WhiteTeamCountry "THA"]
[BlackTeamCountry "THA"]

1. Nf3 Nf6 2. c4 c6 3. d4 d5 4. Nc3 e6 5. e3 Nbd7 6. Be2 Bd6 7. Qc2 0-0 8. 0-0 dxc4 9. Bxc4 b5 10. Bd3 Bb7 11. Bd2 a6 12. Rad1 Qe7 13. Rfe1 c5 14. e4 cxd4 15. Nxd4 Ne5 16. Bg5 Nxd3 17. Rxd3 Bxh2+ 18. Kh1 Be5 19. Nf3 h6 20. Bh4 Qc7 21. Qd2 Bf4 22. Qe2 g5 23. e5 Nd7 24. Nxg5 Nxe5 25. Nge4 Ng6 26. Qg4 Be5 27. Nf6+ Bxf6 28. Bxf6 Qf4 29. Qxf4 Nxf4 30. Rg3+ Ng6 31. Rd1 Bc6 32. Rd6 Rac8 33. Ne2 Kh7 34. Nd4 Be8 35. Rxa6 e5 36. Nf5 Rc6 37. Rh3 Rxa6 38. Rxh6+ Kg8 39. Ne7+ 1-0

[Event "THA-chT"]
[Site "Bangkok"]
[Date "2015.12.12"]
[Round "8.3"]
[White "Taowal, Phanuwat"]
[Black "Sutthithamwasi, Sirasit"]
[Result "1/2-1/2"]
[WhiteElo "1735"]
[BlackElo "1885"]
[PlyCount "95"]
[EventDate "2015.12.04"]
[EventType "team-swiss"]
[EventRounds "9"]
[EventCountry "THA"]
[SourceTitle "CBM 170 Extra"]
[Source "ChessBase"]
[SourceDate "2016.02.25"]
[SourceVersion "1"]
[SourceVersionDate "2016.02.25"]
[SourceQuality "1"]
[WhiteTeam "Din Daeng II"]
[BlackTeam "Din Daeng"]
[WhiteTeamCountry "THA"]
[BlackTeamCountry "THA"]

1. e4 e5 2. Nf3 Nc6 3. Nc3 Nf6 4. d4 exd4 5. Nxd4 Bb4 6. Nxc6 Bxc3+ 7. bxc3 bxc6 8. Bd3 d6 9. h3 0-0 10. 0-0 Be6 11. c4 Rb8 12. Bd2 Nd7 13. Bc3 Ne5 14. Qe2 f6 15. f4 Nd7 16. a3 Qe7 17. e5 fxe5 18. fxe5 dxe5 19. Qh5 Qc5+ 20. Kh1 e4 21. Rxf8+ Rxf8 22. Qxc5 Nxc5 23. Be2 Rd8 24. Kg1 Na4 25. Ba5 c5 26. Re1 Nb6 27. Kh2 Rd7 28. Bf1 Nxc4 29. Bxc4 Bxc4 30. Rxe4 Bd5 31. Re8+ Kf7 32. Re2 c6 33. Bc3 g6 34. g4 Re7 35. Be5 Re6 36. Kg3 c4 37. c3 g5 38. h4 gxh4+ 39. Kxh4 Kg6 40. a4 h5 41. Re3 hxg4 42. Kxg4 a6 43. Bd4 Rxe3 44. Bxe3 Kf6 45. Kf4 Ke6 46. Bc5 Bg2 47. a5 Kd5 48. Bb6 1/2-1/2

[Event "THA-chT"]
[Site "Bangkok"]
[Date "2015.12.06"]
[Round "6.3"]
[White "Taowal, Phanuwat"]
[Black "Thanarotrung, Ratchaphon"]
[Result "1-0"]
[WhiteElo "1735"]
[BlackElo "1933"]
[PlyCount "107"]
[EventDate "2015.12.04"]
[EventType "team-swiss"]
[EventRounds "9"]
[EventCountry "THA"]
[SourceTitle "CBM 170 Extra"]
[Source "ChessBase"]
[SourceDate "2016.02.25"]
[SourceVersion "1"]
[SourceVersionDate "2016.02.25"]
[SourceQuality "1"]
[WhiteTeam "Din Daeng II"]
[BlackTeam "SamutPrakarn Bangapi"]
[WhiteTeamCountry "THA"]
[BlackTeamCountry "THA"]

1. e4 e5 2. Nf3 Nf6 3. Nc3 Nc6 4. d4 exd4 5. Nxd4 Bb4 6. Nxc6 Bxc3+ 7. bxc3 bxc6 8. Bd3 h6 9. 0-0 d6 10. h3 0-0 11. c4 Re8 12. Re1 Rb8 13. Bd2 Nd7 14. Bc3 Ne5 15. f4 Ng6 16. Qf3 Qh4 17. Rf1 c5 18. Qf2 Qxf2+ 19. Rxf2 Bb7 20. e5 Nf8 21. Ba5 Rbc8 22. Bf5 Ne6 23. Rd1 dxe5 24. fxe5 Ba6 25. Bxe6 Rxe6 26. Rd7 Bxc4 27. Rfxf7 Rg6 28. Rxc7 Rb8 29. Rf2 Bxa2 30. Rxc5 a6 31. c4 Bb1 32. Kh2 Re6 33. Bc7 Rb4 34. Bd6 Kh7 35. Rc7 Rb3 36. Bf8 Rg6 37. g4 Re3 38. Rff7 Rxe5 39. Bxg7 Re2+ 40. Kg3 h5 41. Kf3 Bd3 42. g5 Re8 43. Bh6+ Kg8 44. Rf6 Kh8 45. c5 a5 46. Rd7 Be4+ 47. Kf2 Rc8 48. Ke3 Bc2 49. c6 Rgg8 50. c7 a4 51. Rf8 Rcxf8 52. Bxf8 Bf5 53. Rd8 Bxh3 54. g6 1-0